BGMEA University of Fashion and Technology
University Library

Road to success : (Record no. 2916)

MARC details
000 -LEADER
fixed length control field 00517nam a22001817a 4500
001 - CONTROL NUMBER
control field 2916
003 - CONTROL NUMBER IDENTIFIER
control field BD-DhBUF
005 - DATE AND TIME OF LATEST TRANSACTION
control field 20251209113128.0
008 - FIXED-LENGTH DATA ELEMENTS--GENERAL INFORMATION
fixed length control field 251209b bg ||||| |||| 00| 0 ben d
020 ## - INTERNATIONAL STANDARD BOOK NUMBER
International Standard Book Number 9789352770182
040 ## - CATALOGING SOURCE
Original cataloging agency BD-DhBUF
Transcribing agency BD-DhBUF
100 ## - MAIN ENTRY--PERSONAL NAME
Personal name Hill, Napoleon
9 (RLIN) 1852
245 ## - TITLE STATEMENT
Title Road to success :
Remainder of title putting the principles of think and grow rich in to action /
Statement of responsibility, etc. Napoleon Hill,
260 ## - PUBLICATION, DISTRIBUTION, ETC.
Place of publication, distribution, etc. New York :
Name of publisher, distributor, etc. HarperCollins,
Date of publication, distribution, etc. C 2017.
300 ## - PHYSICAL DESCRIPTION
Extent 239p. :
Dimensions 22cm. ;
526 ## - STUDY PROGRAM INFORMATION NOTE
Program name CSE
942 ## - ADDED ENTRY ELEMENTS (KOHA)
Source of classification or shelving scheme Dewey Decimal Classification
Koha item type Books
Holdings
Withdrawn status Lost status Source of classification or shelving scheme Damaged status Not for loan Home library Current library Date acquired Total Checkouts Full call number Barcode Date last seen Copy number Price effective from Koha item type
    Dewey Decimal Classification     BUFT Library BUFT Library 12/08/2025   650.1 H6451r 2017 2025-0490 12/09/2025 C-1 12/09/2025 Books
Copyright © 2019-2023 | BUFT Library
BGMEA University of Fashion and Technology
Library Home | University Home
| Maintained by Library Team